Deutschland nach Buchstabe - U - Statistiken

Allgemein
  • Dieses Quiz wurde 71 mal gespielt
  • Das Durchschnittsergebnis liegt bei 13 aus 20
Antwortstatistiken
Hinweis Antwort % Korrekt
Schwäbische Donaustadt mit dem höchsten Kirchturm Deutschlands Ulm
100%
Diese für die Kernkraft benötigte Metall wurde vom Unternehmen Wismut im Erzgebirge abgebaut Uran
97%
Östlichste Ostseeinsel Deutschlands mit Grenze zu Polen Usedom
95%
Bekannter Hersteller von Klebstoffen mit Sitz in Bühl UHU
92%
Kinderbuchfigur aus dem Eis, von der Augsburger Puppenkiste gespielt, von 2008 bis 2024 Maskottchen der Eishockey-Nationalmannschaft Urmel
92%
Einziger deutscher Gesamtsieger der Tour de France (1997), wenn auch durch Doping Jan Ullrich
89%
Angela Merkel wuchs in dieser nordöstlichen Region von Brandenburg auf Uckermark
84%
Kreisstadt am westfälischen Hellweg östlich von Dortmund Unna
81%
Bundesliga-Erstligist aus der Hauptstadt, der an der alten Försterei spielt Union Berlin
79%
In Rheinhausen am Niederrhein hergestellter Kräuterlikör Underberg
75%
Die Spielvereinigung aus diesem Ort im Großraum München spielte bereits in der Ersten Fußball-Bundesliga Unterhaching
73%
DDR-Politiker, von 1960 bis 1971 Vorsitzender des Staatsrats und Regierungschef der DDR Walter Ulbricht
67%
Bayrischer Bezirk um Würzburg, Schweinfurt und Aschaffenburg Unterfranken
65%
Otto der Große besiegte ein Heer dieses Volkes entscheidend auf dem Lechfeld und beendete damit die Invasionen in deutsches Territorium Ungarn
43%
Niedersächsische Kreisstadt an der Ilmenau mit Hundertwasserbahnhof Uelzen
40%
Deutsches Filmstudio der Weimarer Republik und des 3. Reiches (Der Blaue Engel, Dr. Mabuse, Triumph des Willens, Die Feuerzangenbowle) UFA
40%
Heilige Märtyrerin des Mythos der 11000 Jungfrauen, die insbesondere in Köln verehrt wird und dort mit den Elf Tränen auf dem Stadtwappen verewigt ist Ursula
38%
Bodenseestadt, nach der ein westlicher Arm des Sees benannt ist Überlingen
33%
Kurstadt in der Schwäbischen Alb bei Reutlingen Bad Urach
16%
Fluss in Brandenburg und Mecklenburg-Vorpommern, der über Prenzlau ins Stettiner Haff fließt Uecker
10%
Keine übereinstimmenden Quizze gefunden
Verteilung der Resultate
Anzahl Personen mit jedem Resultat
Perzentil nach korrekt beantworteten Fragen
Ihre Resultats-Entwicklung
Sie haben dieses Quiz noch nicht gespielt